000 00685nam a2200289Ia 4500
005 20260324121541.0
008 008 260324s9999 xx 000 0 eng d
020 _a9781315816739
037 _aEBOOK
040 _aCRL
040 _beng
040 _cCRL
041 _2eng
041 _aeng
084 _qCRL
100 _aMathias Möschel
_91162940
245 0 _aLaw, Lawyers and Race
245 0 _bCritical Race Theory from the US to Europe
260 _bTaylor and Francis
260 _c2014
365 _a
365 _b240
856 _uhttp://www.taylorfrancis.com/books/9781315816739
942 _cEBOOK
999 _c1755130
_d1755130